000 01374nam a22003137a 4500
005 20240530110356.0
008 150110s2010 ua g 000 0 ara d
017 _a2010/2896
_bمصر . دار الكتب المصرية
020 _a9789773832032
040 _aEG-CaGPL
041 0 _aara
082 0 4 _221
_a341.41\
_bا ق
100 0 _aالسيد مصطفى احمد ابو الخير
245 1 2 _aالقانون الدولى لمنازعات الحدود :
_bدراسة تطبيقية على الحدود العربية و الاسلامية /
_cتاليف السيد مصطفى احمد ابو الخير
250 _aط 1
260 _aالقاهرة :
_bايتراك للطباعة و النشر و التوزيع ،
_c2010
300 _a339 ص ؛
_c24 سم
650 0 4 _aالقانون الدولى العام
650 0 4 _a نزاعات الحدود
650 0 4 _aالحدود السياسية
650 0 4 _aالمنازعات الدولية
650 0 4 _aالقانون الدولى
651 0 4 _aالبحرين
_xالحدود السياسية
_zارتيريا
651 0 4 _aتركيا
_xالحدود السياسية
_zايران
651 0 4 _aالعراق
_xالحدود السياسية
_zايران
651 0 4 _aالسعودية
_xالحدود السياسية
_zقطر
942 _2ddc
_cBK
999 _c60167
_d60167